|
|
|
|
| LEADER |
00000nam a2200000Ii 4500 |
| 001 |
DIGUCAUCA0057 |
| 003 |
NyNyDIG |
| 007 |
cr ||||||||||| |
| 008 |
210829s2017 ck a ob 001 0dspa d |
| 006 |
m o d |
| 035 |
|
|
|a (OCoLC)1253291098
|
| 040 |
|
|
|a DGITA
|b eng
|e rda
|e pn
|c DGITA
|
| 020 |
|
|
|z 9789587323016
|
| 050 |
1 |
4 |
|a PM6046 ebook
|
| 082 |
1 |
4 |
|a 498.2
|
| 100 |
1 |
|
|a Obando Villota, Lorena,
|e author.
|
| 245 |
1 |
0 |
|a Namui wam wan kusrekun, pe wam meran kucha =
|b Aprendiendo nuestro idioma namui wam y otros idiomas = Learning our language, namui wam, and other languages /
|c Lorena Obando Villota, Eudes Calambás Tunubalá, Amelia Pizo Navia ; con ilustraciones de Manuel Muelas Tombé.
|
| 246 |
3 |
1 |
|a Aprendiendo nuestro idioma namui wam y otros idiomas
|
| 246 |
3 |
1 |
|a Learning our language, namui wam, and other languages
|
| 264 |
|
1 |
|a Popayán, Colombia :
|b Editorial Universidad del Cauca,
|c [2017]
|
| 300 |
|
|
|a 1 online resource :
|b illustrations.
|
| 336 |
|
|
|a text
|b txt
|2 rdacontent
|
| 337 |
|
|
|a computer
|b c
|2 rdamedia
|
| 338 |
|
|
|a online resource
|b cr
|2 rdacarrier
|
| 347 |
|
|
|a text file
|2 rdaft
|
| 347 |
|
|
|b PDF
|
| 500 |
|
|
|a "Convocatoria 2015, modalidad texto pedagógico" -- Cover.
|
| 504 |
|
|
|a Includes bibliographical references and index.
|
| 588 |
0 |
|
|a Online resource; title from PDF title page (Digitalia, viewed August 29, 2021)
|
| 650 |
|
0 |
|a Guambiano language
|x Study and teaching.
|
| 655 |
|
0 |
|a Electronic books.
|
| 700 |
1 |
|
|a Calambás Tunubalá, Eudes,
|e author.
|
| 700 |
1 |
|
|a Pizo Navia, Amelia,
|e author.
|
| 700 |
1 |
|
|a Muelas Tombé, Manuel,
|e illustrator.
|
| 791 |
2 |
|
|a Digitalia (Firm),
|e distributor.
|
| 793 |
0 |
|
|g Digitalia eBook Collection:
|a Editorial Universidad del Cauca
|
| 776 |
0 |
8 |
|i Print version:
|a Obando Villota, Lorena.
|t Namui wam wan kusrekun, pe wam meran kucha.
|b Primera edición en español.
|d Popayán, Colombia : Editorial Universidad del Cauca, [2017]
|z 9789587323016
|
| 856 |
4 |
0 |
|3 Digitalia Hispánica
|u https://www.digitaliapublishing.com/a/82789/
|
| 910 |
|
|
|a Premium collection: 2021
|